Pic, pic, pic,: (Registro nro. 30658)
[ vista simple ]
| 000 -LEADER | |
|---|---|
| fixed length control field | 00265nam a22000977a 4500 |
| 008 - FIXED-LENGTH DATA ELEMENTS--GENERAL INFORMATION | |
| fixed length control field | 240220b |||||||| |||| 00| 0 eng d |
| 082 ## - DEWEY DECIMAL CLASSIFICATION NUMBER | |
| Classification number | A |
| Item number | COUP |
| 100 10 - MAIN ENTRY--PERSONAL NAME | |
| Personal name | Cousins, Lucy |
| Relator term | autor |
| 9 (RLIN) | 43464 |
| 245 ## - TITLE STATEMENT | |
| Title | Pic, pic, pic,: |
| Remainder of title | ¡Que divertido! / |
| Statement of responsibility, etc. | Lucy Cousins |
| 942 ## - ADDED ENTRY ELEMENTS (KOHA) | |
| Source of classification or shelving scheme | Dewey Decimal Classification |
| Withdrawn status | Lost status | Source of classification or shelving scheme | Damaged status | Not for loan | Home library | Current library | Shelving location | Date acquired | Total Checkouts | Full call number | Barcode | Date last seen | Date last checked out | Copy number | Price effective from | Koha item type | Public note |
|---|---|---|---|---|---|---|---|---|---|---|---|---|---|---|---|---|---|
| Dewey Decimal Classification | Biblored | Biblioteca Pública José María del Castillo y Rada | Children's Area | 02/16/2024 | 1 | A COUP | 35714005537886 | 04/15/2024 | 04/08/2024 | Ej.1 | 02/20/2024 | Books | Material Interbibliotecario BibloRed |